000 00294nam a22001337a 4500
008 170831b xxu||||| |||| 00| 0 eng d
020 _a2900073258927
041 _aeng
080 _22ND
_a070
100 _a40
101 _aMED
245 _aA WRITER'S RESOURCE
_cMAIMON,E.P
942 _2udc
_cBK
999 _c25856
_d25856